000 00281nam a2200097Ia 4500
082 _a342.68085 HUM
245 0 _aHUMAN RIGHTS FOR SOUTH AFRICANS
100 _a SWILLING, Mark Claremont, South Africa, 2012
_958380
942 _cBK
008 210817s9999 xx 000 0 und d
999 _c220183
_d220183